000 00288nam a2200109Ia 4500
008 200302s9999 xx 000 0 und d
100 _aYin Qian
245 _aEndless Performance building for performing arts
260 _bDesign Media Publishing (UK) Ltd.,
260 _c2010
300 _a279
999 _c7392
_d7392